000 00781nas a2200253 4500
001 BR2014002678
003 BR-BrBNA
005 20231205124010.0
007 ta
008 230509b bl.|||p| |||| 00| 00por d
040 _aBR-BrBNA
_bpor
_cBiblioteca Nacional de Agricultura
041 _a(Pt)
072 _aN10
100 1 _aDiniz, M.J.
100 1 _aNascimento, J.W.B.
245 1 _aAnálise de pressões em silo vertical de alvenaria de tijolos
650 _aINSTALAÇÃO AGRÍCOLA
650 _aGRÃO
650 _aARMAZENAMENTO
650 _aPRESSÃO
773 0 _tRevista Brasileira de Engenharia Agrícola e Ambiental (Brazil)
_xISSN 1415-4366
_g(Mar 2006), v. 10(1) p. 212-219
_wBR2014002678
909 _a202311
_bLúcia
_c55
_dLúcia Elande
942 _2AGRIS
_n0
_cANA
999 _c236831
_d236831